| 000 | 01128nam0a22003011 4500 | ||
|---|---|---|---|
| 001 | v19\rc\1927328 | ||
| 005 | 20260503053247.0 | ||
| 035 | _a(NLR Aleph) 005012886 | ||
| 090 |
_a6506759 _c6506759 |
||
| 100 | _a20080404d1912 u y0rusy50 ca | ||
| 101 | 0 | _arus | |
| 102 | _aRU | ||
| 105 | _ay z ||||| | ||
| 200 | 1 |
_aКраткий курс церковного права _eСост. применительно к унив. программе с прил. экзаменационных вопросов и ответов на них _fАлександр Мирлес |
|
| 205 | _a3-е изд., (испр. и доп.) | ||
| 210 |
_aКиев _cИ.И. Самоненко _d1912 |
||
| 215 |
_a112 с. _d23 |
||
| 320 | _aБиблиогр. в предисл. (11 назв.) | ||
| 700 | 1 |
_4220 _aМирлес _bА. А. _f1879- _gАлександр Акимович _9127611 _3RU\NLR\AUTH\770127636 |
|
| 801 | 0 |
_aRU _bNLR _gpsbo |
|
| 801 | 0 |
_aRU _bRuMoRGB _2psbo |
|
| 801 | 1 |
_aRU _bProSoft-M _2rusmarc |
|
| 852 |
_aNLR _jDesideratum |
||
| 899 |
_aRuMoRGB _jF 100/438 |
||
| 899 | _aБАН | ||
| 899 | _aГПИБ | ||
| 942 | _cBOOK | ||
| 980 | _aNB | ||